Welcome to WEB OPAC of MRSPTU Central Library

Workshop science and material (Record no. 1144)

MARC details
000 -LEADER
fixed length control field 00347nam a2200145Ia 4500
008 - FIXED-LENGTH DATA ELEMENTS--GENERAL INFORMATION
fixed length control field 230711s9999||||xx |||||||||||||| ||und||
041 ## - LANGUAGE CODE
Language code of text/sound track or separate title ENG
082 ## - DEWEY DECIMAL CLASSIFICATION NUMBER
Classification number 671
Item number OG-W
100 ## - MAIN ENTRY--PERSONAL NAME
Personal name Ogden,Harry
245 #0 - TITLE STATEMENT
Title Workshop science and material
250 ## - EDITION STATEMENT
Edition statement 1st
260 ## - PUBLICATION, DISTRIBUTION, ETC.
Date of publication, distribution, etc. 1985
Place of publication, distribution, etc. London
Name of publisher, distributor, etc. Elbs Britain
650 ## - SUBJECT ADDED ENTRY--TOPICAL TERM
Topical term or geographic name entry element Mechanical Engineering
942 ## - ADDED ENTRY ELEMENTS (KOHA)
Koha item type Book
Holdings
Withdrawn status Lost status Damaged status Not for loan Collection Home library Current library Date acquired Total checkouts Full call number Barcode Date last seen Price effective from Koha item type Date last checked out
          MRSPTU Central Library MRSPTU Central Library     671 OG-W 5623 08/17/2023 08/17/2023 Book  
          MRSPTU Central Library MRSPTU Central Library     671 OG-W 5624 08/17/2023 08/17/2023 Book  
          MRSPTU Central Library MRSPTU Central Library     671 OG-W 5625 08/17/2023 08/17/2023 Book  
          MRSPTU Central Library MRSPTU Central Library     671 OG-W 5626 08/17/2023 08/17/2023 Book  
          MRSPTU Central Library MRSPTU Central Library     671 OG-W 5627 08/17/2023 08/17/2023 Book  
          MRSPTU Central Library MRSPTU Central Library     671 OG-W 5628 08/17/2023 08/17/2023 Book  
          MRSPTU Central Library MRSPTU Central Library     671 OG-W 5629 08/17/2023 08/17/2023 Book  
          MRSPTU Central Library MRSPTU Central Library     671 OG-W 5630 08/17/2023 08/17/2023 Book  
          MRSPTU Central Library MRSPTU Central Library   1 671 OG-W 5631 07/29/2024 08/17/2023 Book 05/22/2024
          MRSPTU Central Library MRSPTU Central Library     671 OG-W 5632 08/17/2023 08/17/2023 Book  

Website Designed and Developed by MRSPTU Central Library Team

E-mail Id: librarian@mrsptu.ac.in